| Tag |
First Indicator |
Second Indicator |
Subfields |
| LEADER |
00000cam a2200000 i 4500 |
| 001 |
in00003607713 |
| 005 |
20160408140003.0 |
| 008 |
150522s2016 nyu b 001 0 eng |
| 010 |
|
|
|a 2015006039
|
| 035 |
|
|
|a (OCoLC)ocn911920701
|
| 040 |
|
|
|a DLC
|e rda
|c DLC
|
| 020 |
|
|
|a 9780823268153 (hardback)
|
| 020 |
|
|
|a 0823268152 (hardback)
|
| 020 |
|
|
|a 9780823268160 (paper)
|
| 020 |
|
|
|a 0823268160 (paper)
|
| 043 |
|
|
|a n-us---
|
| 050 |
0 |
0 |
|a E169.12
|b .S667 2016
|
| 082 |
0 |
0 |
|a 306.20973
|2 23
|
| 049 |
|
|
|a TXAM
|
| 100 |
1 |
|
|a Spanos, William V.,
|e author.
|
| 245 |
1 |
0 |
|a Redeemer nation in the Interregnum :
|b an untimely meditation on the American vocation /
|c William V. Spanos.
|
| 250 |
|
|
|a First edition.
|
| 264 |
|
1 |
|a New York :
|b Fordham University Press,
|c 2016.
|
| 300 |
|
|
|a xx, 184 pages ;
|c 24 cm.
|
| 336 |
|
|
|a text
|b txt
|2 rdacontent
|
| 337 |
|
|
|a unmediated
|b n
|2 rdamedia
|
| 338 |
|
|
|a volume
|b nc
|2 rdacarrier
|
| 504 |
|
|
|a Includes bibliographical references and index.
|
| 505 |
0 |
|
|a Foreword : Witness to the Critical Imperatives of the Interregnum / by Donald E. Pease -- The Nothingness of Being and the Spectacle : The American Sublime Revisited -- American Exceptionalism in the Post-9/11 Era : The Myth and the Reality -- "The Center Will Not Hold" : The Widening Gyre of the New, New Americanist Studies -- American Exceptionalism and the Calling : A Genealogy of the Vocational Ethic -- Appendix: The Debate World and the Making of the American Political Class : An Interview Conducted by Christopher Spurlock with William V. Spanos.
|
| 520 |
|
|
|a Redeemer Nation in the Interregnum interrogates the polyvalent role that American exceptionalism continues to play after 9/11. Whereas American exceptionalism is often construed as a discredited Cold War-era belief structure, Spanos persuasively demonstrates how it operationalizes an apparatus of biopolitical capture that saturates the American body politic down to its capillaries. The exceptionalism that Redeemer Nation in the Interregnum renders starkly visible is not a corrigible ideological screen. It is a deeply structured ethos that functions simultaneously on ontological, moral, economic, racial, gendered and political registers as the American Calling. Precisely by refusing to answer the American Calling, by rendering inoperative (in Agamben's sense) its covenantal summons, Spanos enables us to imagine an alternative America. At once timely and personal, Spanos's meditation acknowledges the priority of being. He emphasizes the dignity not simply of humanity but of all phenomena on the continuum of being, "the groundless ground of any political formation that would claim the name of democracy."
|
| 650 |
|
0 |
|a Exceptionalism
|z United States.
|
| 650 |
|
0 |
|a Political culture
|z United States.
|
| 650 |
|
0 |
|a Democracy
|z United States.
|
| 650 |
|
7 |
|a HISTORY / United States / General.
|2 bisacsh
|
| 650 |
|
7 |
|a LITERARY CRITICISM / American / General.
|2 bisacsh
|
| 650 |
|
7 |
|a POLITICAL SCIENCE / General.
|2 bisacsh
|
| 945 |
|
|
|a PromptCat
|
| 946 |
|
|
|a stk
|
| 947 |
|
|
|a A14843385858
|
| 948 |
|
|
|a cataloged
|b h
|c 2016/4/8
|d c
|e dmitchel
|f 2:00:00 pm
|
| 994 |
|
|
|a 92
|b TXA
|
| 999 |
f |
f |
|s 7850ec4e-093f-3094-9dce-9adf2b6de88c
|i 31f10275-98a0-3d27-b265-efc9adc9a6f3
|t 0
|
| 952 |
f |
f |
|p normal
|a Texas A&M University
|b College Station
|c Sterling C. Evans Library
|d Evans: Library Stacks
|t 0
|e E169.12 .S667 2016
|h Library of Congress classification
|i unmediated -- volume
|m A14843385858
|
| 998 |
f |
f |
|a E169.12 .S667 2016
|t 0
|l Evans: Library Stacks
|